Normal view
MARC view
Entry Personal Name
001 - CONTROL NUMBER
- control field: 1361925
003 - CONTROL NUMBER IDENTIFIER
- control field:
005 - DATE AND TIME OF LATEST TRANSACTION
- control field: 20210701035526.0
008 - FIXED-LENGTH DATA ELEMENTS
- fixed length control field: 210701|| aca||aabn | a|a d
040 ## - CATALOGING SOURCE
- Original cataloging agency:
- Transcribing agency:
100 ## - HEADING--PERSONAL NAME
- Personal name: Beveridge, Annette Susannah
670 ## - SOURCE DATA FOUND
- Source citation: Work cat.: ()1457422: Babur, Emperor of Hindustan, 1483-1530. 792898, Babur-Nama :, 2014
